000 00418nam a2200133 4500
999 _c14030
_d14030
008 190730b ||||| |||| 00| 0 eng d
100 _939019
_aAurelio, Julie M.
245 _aThreats vs priests not from Du30- palace/
_cJulie M. Aurelio
260 _aPhilippines:
_bPhilippine Daily Inquirer;
_cc2019.
300 _apage A12.
650 0 _939020
_aPolitics.
700 _939021
_aSalaverria, Leila B.
942 _2ddc
_cPER